Ako si udržať mladosť. /
Uložené v:
| Hlavný autor: | |
|---|---|
| Médium: | Kniha |
| Jazyk: | Slovak |
| Vydané: |
Bratislava :
Perfekt, a.s.,
1993
|
| Vydanie: | 1. vyd. |
| Edícia: | Malý breviár domácej kozmetiky
|
| Témy: | |
| ISBN: |
8085261480 (brož.) |
| Fyzický popis: |
88 s. |
| Tagy: |
Pridať tag
Žiadne tagy, Buďte prvý kto otaguje tento záznam!
|
Titul je dostupný aj v ... 

MARC
| LEADER | 00000nam a2200000 a 4500 | ||
|---|---|---|---|
| 001 | 000072349 | ||
| 003 | SVKK | ||
| 005 | 20010430000000.0 | ||
| 008 | 010319s1993 xo e sloo | ||
| 020 | |a 8085261480 (brož.) | ||
| 040 | |a SVKKK |b slo |c SVKKK |e AACR2 | ||
| 041 | 0 | |a slo | |
| 044 | |a xo |c SK | ||
| 080 | |a 687.5(035) |2 1997 | ||
| 080 | |a 613.4(035) |2 1997 | ||
| 080 | |a 646.7(035) |2 1997 | ||
| 100 | 1 | |a Máziková, Eva |4 aut | |
| 245 | 1 | 0 | |a Ako si udržať mladosť. / |c Eva Máziková |
| 250 | |a 1. vyd. | ||
| 260 | |a Bratislava : |b Perfekt, a.s., |c 1993 | ||
| 300 | |a 88 s. | ||
| 440 | 0 | |a Malý breviár domácej kozmetiky | |
| 653 | 0 | |a zdravie |2 SVKKKPH | |
| 653 | 0 | |a kozmetika |2 SVKKKPH | |
| 653 | 0 | |a príručky |2 SVKKKPH | |
| 655 | 7 | |a príručky |2 SVKKKPH | |
| 910 | |a svkkk | ||
| 919 | |a 80-85261-48-0 | ||
| 974 | |a MI |d 20010319 | ||
| 974 | |a PA |d 20010319 | ||
| 974 | |a PA |d 20010430 | ||
| 998 | |a BK | ||
| 090 | |g SCKHL |k Sklad Pribinova 2. posch. |a III.160522 |j 861677 |i 2720455932 |s Absenčne | ||